| 000 | 00467nam a2200169 i 4500 | ||
|---|---|---|---|
| 001 | 38945 | ||
| 003 | ES-MaACL | ||
| 005 | 20230906155844.0 | ||
| 007 | t| | ||
| 008 | 030226s1972 sp ||||1| spa d | ||
| 100 | 1 |
_aCalvo Flores, Joaquín. _933882 |
|
| 245 | 1 | 0 |
_aVientos alegres, vientos desolados / _cJoaquín Calvo Flores. |
| 250 | _a[1ª ed.]. | ||
| 260 |
_aBarcelona : _bCampos, _c[1972] |
||
| 300 |
_a90 p. ; _c22 cm. |
||
| 852 |
_aES-MaACL _jC-56111 _bR.88780 |
||
| 999 |
_c38945 _d38945 |
||